Polymer microscopy / (Record no. 11341)
[ view plain ]
| 000 -LEADER | |
|---|---|
| fixed length control field | 01436cam a2200385 a 4500 |
| 001 - CONTROL NUMBER | |
| control field | 14848815 |
| 005 - DATE AND TIME OF LATEST TRANSACTION | |
| control field | 20081016172101.0 |
| 008 - FIXED-LENGTH DATA ELEMENTS--GENERAL INFORMATION | |
| fixed length control field | 070514s2008 nyua b 001 0 eng c |
| 010 ## - LIBRARY OF CONGRESS CONTROL NUMBER | |
| LC control number | 2007928814 |
| 015 ## - NATIONAL BIBLIOGRAPHY NUMBER | |
| National bibliography number | GBA768508 |
| Source | bnb |
| 016 7# - NATIONAL BIBLIOGRAPHIC AGENCY CONTROL NUMBER | |
| Record control number | 013828734 |
| Source | Uk |
| 020 ## - INTERNATIONAL STANDARD BOOK NUMBER | |
| International Standard Book Number | 9780387726274 (hbk.) |
| 020 ## - INTERNATIONAL STANDARD BOOK NUMBER | |
| International Standard Book Number | 0387726276 (hbk.) |
| 035 ## - SYSTEM CONTROL NUMBER | |
| System control number | (OCoLC)ocn237289920 |
| 040 ## - CATALOGING SOURCE | |
| Original cataloging agency | COO |
| Transcribing agency | COO |
| Modifying agency | CDX |
| -- | BAKER |
| -- | MUQ |
| -- | DLC |
| 042 ## - AUTHENTICATION CODE | |
| Authentication code | pcc |
| 050 00 - LIBRARY OF CONGRESS CALL NUMBER | |
| Classification number | QD381.9.O66 |
| Item number | S29 2008 |
| 082 ## - DEWEY DECIMAL CLASSIFICATION NUMBER | |
| Edition number | 22 |
| Classification number | 620.19204295 |
| Item number | SAW |
| 100 1# - MAIN ENTRY--PERSONAL NAME | |
| Personal name | Sawyer, Linda C., |
| Dates associated with a name | 1944- |
| 9 (RLIN) | 3892 |
| 245 10 - TITLE STATEMENT | |
| Title | Polymer microscopy / |
| Statement of responsibility, etc | Linda C. Sawyer, David T. Grubb. |
| 250 ## - EDITION STATEMENT | |
| Edition statement | 3rd ed. / |
| Remainder of edition statement | Gregory F. Meyers. |
| 260 ## - PUBLICATION, DISTRIBUTION, ETC. (IMPRINT) | |
| Place of publication, distribution, etc | New York : |
| Name of publisher, distributor, etc | Springer, |
| Date of publication, distribution, etc | c2008. |
| 300 ## - PHYSICAL DESCRIPTION | |
| Extent | xiv, 540 p. : |
| Other physical details | ill. (some col.) ; |
| Dimensions | 27 cm. |
| 500 ## - GENERAL NOTE | |
| General note | Previous ed.: London : Chapman & Hall, 1996. |
| 504 ## - BIBLIOGRAPHY, ETC. NOTE | |
| Bibliography, etc | Includes bibliographical references and index. |
| 650 #0 - SUBJECT ADDED ENTRY--TOPICAL TERM | |
| Topical term or geographic name as entry element | Polymers |
| General subdivision | Optical properties. |
| 9 (RLIN) | 3893 |
| 650 #0 - SUBJECT ADDED ENTRY--TOPICAL TERM | |
| Topical term or geographic name as entry element | Polymers |
| General subdivision | Surfaces. |
| 9 (RLIN) | 3894 |
| 650 #0 - SUBJECT ADDED ENTRY--TOPICAL TERM | |
| Topical term or geographic name as entry element | Polymers |
| General subdivision | Microscopy. |
| 9 (RLIN) | 3895 |
| 700 1# - ADDED ENTRY--PERSONAL NAME | |
| Personal name | Grubb, David T., |
| Dates associated with a name | 1945- |
| 9 (RLIN) | 3896 |
| 700 1# - ADDED ENTRY--PERSONAL NAME | |
| Personal name | Meyers, Gregory Frederick, |
| Dates associated with a name | 1957- |
| 9 (RLIN) | 3897 |
| 942 ## - ADDED ENTRY ELEMENTS (KOHA) | |
| Source of classification or shelving scheme | Dewey Decimal Classification |
| Item type | Book - Borrowing |
| Withdrawn status | Item status | Source of classification or shelving scheme | Damaged status | Not for loan | Vendor | Home library | Current library | Shelving location | Date acquired | Source of acquisition | Cost, normal purchase price | Serial Enumeration / chronology | Total Checkouts | Full call number | Barcode | Date last seen | Koha item type |
|---|---|---|---|---|---|---|---|---|---|---|---|---|---|---|---|---|---|
| Dewey Decimal Classification | Alahram | Central Library | Central Library | First floor | 21/04/2009 | 897.00 | 362 | 620.19204295 SAW | 000016038 | 15/07/2025 | Book - Borrowing |